00896nam a2200205 i 4500001000700000003000900007005001700016007000300033008004100036100004800077245010400125260007000229300003700299600008100336700004300417710005700460852003200517999001900549952012200568143448ES-MaACL20250806063133.0t|070214s1966 sp r ||||1| spa d1 aSerrano Vicens, Ramón,d1908-1978910580710aRuta y patria de Don Quijote / cRamón Serrano Vicens ; dibujos de Santiago Rodríguez García. aCuenca : bDiputación Provincial, c1966 (eMadrid : fEstades) a83 p. ; c24 cm + e2 map. pleg.14aCervantes Saavedra, Miguel de,d1547-1616. tDon Quijote de la Mancha9376121 aRodríguez García, Santiago.9985451 aCuenca (Provincia). bDiputación Provincial.93346 aES-MaACLjC-32254 bR.62614 c143448d143448 00104070aATENEOMbATENEOMcDEPO2d2008-01-17eSCl0oC-32254p1149246r2023-02-23 00:00:00w2023-02-23yMONOGRAFIA